000 01074nam a2200325 c 4500
999 _c74384
_d74384
003 BLK
005 20220228144258.0
008 180408b bul|||||r ||||||| ||bul||
010 _aKNG00078783000
020 _a978-954-337-031-3
040 _aBLK
041 _aBUL
_cBUL
072 7 _2bullib
_aЯ
_xАвтографи
080 _aБългарска литература
_b821.163.2
_x-193
_z821.163.2-193
100 1 _aТодоров, Цветан
_eпърви автор
_gБоров, Цветан Тодоров
_9363479
139 _aТодоров, Цветан
_bТ 64
245 1 0 _aТичинки
_bSMS-поезия
_cЦветан Тодоров.
257 _aBGR
260 _bАвангард принт
_c2007
300 _a36 с.
_c20 см
380 _aX
500 _aОфс. изд.
653 _aстихотворения
659 _aЯ
852 _aЦб 236530
852 _aК 821.163.2/Т 64 Ц
856 4 _qpdf
856 4 _qpdf
942 _cKNG
_n0
_s1
944 _aCR
_c31.10.2007
_kЛюдмила_Стоянова
944 _aED
_c09.06.2008
999 _d74384